Guess the Taylor Swift Song (no hints) 65 - Statistics

General Stats
  • This quiz has been taken 121 times
  • The average score is 456 of 512
Answer Stats
Answer % Correct
a
100%
be
100%
Be
100%
I
100%
and
99%
And
99%
the
99%
you,
99%
you
99%
You
99%
I've
97%
me
97%
where
97%
your
97%
I'll
96%
I'm
96%
(I'm
96%
in
96%
it
96%
my
96%
So
96%
that
96%
this
96%
to
96%
we're
96%
when
96%
at
95%
is
95%
it's
95%
love
95%
on
95%
who
95%
been?
93%
can
93%
for
93%
go
93%
If
93%
if
93%
know
93%
like
93%
there
93%
You're
93%
all
92%
'Cause
92%
'Cause,
92%
of
92%
one
92%
was
92%
with
92%
didn't,
91%
didn't
91%
Don't
91%
Got
91%
got
91%
Or
91%
see
91%
she?"
91%
tell
91%
too
91%
want
91%
baby
89%
baby,
89%
But
89%
down
89%
gonna
89%
how
89%
"Oh,
89%
oh,
89%
(oh)
89%
over,
89%
over
89%
(over)
89%
could
88%
flames
88%
game,
88%
game
88%
God,
88%
insane
88%
Insane
88%
(insane)
88%
insane)
88%
look
88%
no
88%
say
88%
things
88%
way
88%
write
88%
blank
86%
forever
86%
leave
86%
(leave
86%
make
86%
mistake
86%
name
86%
next
86%
pain
86%
space,
86%
wanna
86%
you'll
86%
bad
85%
ex-lovers
85%
face
85%
get
85%
good
85%
high
85%
incredible
85%
list
85%
long
85%
play?"
85%
show
85%
take
85%
We'll
85%
what
85%
worth
85%
about
84%
come,
84%
come
84%
girl
84%
let's
84%
meet
84%
nasty
84%
New
84%
players
84%
read
84%
Saw
84%
scar
84%
scar)
84%
thought
84%
weekend
84%
back
82%
ends
82%
friends
82%
guys
82%
Love's
82%
magazine
82%
Nice
82%
only
82%
They'll
82%
tie
82%
breathless,
81%
far
81%
hand
81%
heaven,
81%
hey,
81%
Magic,
81%
money,
81%
out
81%
passport
81%
sin
81%
suit
81%
tables
81%
young,
81%
Boys
80%
daydream
80%
dying
80%
Grab
80%
Rumors
80%
time
80%
torture
80%
turn
80%
warn
80%
yet
80%
dressed
78%
drunk
78%
It'll
78%
madness,
78%
nightmare
78%
ya
78%
darling,
77%
each
77%
heard
77%
month
77%
reckless
77%
Screaming,
77%
worst
77%
crying,
76%
Find
76%
jealousy
76%
funny?
74%
King,
74%
perfect
74%
Queen
74%
Ain't
73%
garden
73%
Rose
73%
filled
72%
fly
72%
thorns
72%
storms
70%
lies
66%
Keep
65%
mm
65%
lips,
64%
Cherry
62%
second
62%
skies
62%
crystal
61%
guessing
61%
pretty
61%
Stolen
55%
kisses,
54%
Wait,
54%
(ooh)
51%
Ay
49%
No matching quizzes found
Score Distribution
Percent of People with Each Score
Percentile by Number Answered
Your Score History
You have not taken this quiz